| 000 | 00560nam a2200193Ia 4500 | ||
|---|---|---|---|
| 005 | 20250508170312.0 | ||
| 008 | 008 250505s9999 xx 000 0 eng d | ||
| 037 | _aTextual | ||
| 040 |
_aFEDL _beng _cFEDL |
||
| 041 |
_aeng _2eng |
||
| 084 |
_a378.155, BHA _qFEDL |
||
| 100 | _aBhatnagar Prem | ||
| 245 | 0 | _aIndian universities and their vice-chancellors. Vol 1 | |
| 260 |
_aJaipur, India _bArchana Prakashan _c2000 |
||
| 300 | _a319p. | ||
| 700 |
_a Bhatnagar Punit _9783796 |
||
| 942 |
_cTEXL _h378.155, BHA |
||
| 999 |
_c1400273 _d1400273 |
||